000 00335nam a2200133 i 4500
001 bg
100 1 _aJeżowski, Jacek.
245 0 _aProjektowanie optymalnych sieci wymienników ciepła /
_cJ. Jeżowski.
260 _aWrocław,
_c1990.
040 _cBPK
041 _apol
942 _cKS
008 s pl f |000 0 pol
999 _c29413
_d29413
856 _uhttp://koha.tu.koszalin.pl/cgi-bin/koha/opac-detail.pl?biblionumber=29413
_yKatalog online BPK